000 00706nam a2200229 i 4500
001 129060
003 ES-MaACL
005 20230906193429.0
007 t|
008 070605s1961 sp ||||1| spa d
080 _a86-251"16"
100 1 _aMolina, Tirso de,
_d1579-1648
_9226522
245 1 3 _aEl condenado por desconfiado /
_cTirso de Molina ; edición y notas por Angel González Palencia.
250 _a8ª ed. il.
260 _aZaragoza :
_bEbro,
_c[1961]
300 _a127 p. ;
_c18 cm.
490 1 _aClásicos Ebro
700 1 _aGonzález Palencia, Ángel,
_d1889-1949
_958854
830 0 _aClásicos Ebro
_9185118
852 _aES-MaACL
_jC-21366
_bR.49694
999 _c129060
_d129060